|
|
|
|
| LEADER |
01826cas a2200241 a 4500 |
| 001 |
AALejournalIMF006246 |
| 008 |
230101c9999 xx r poo 0 0eng d |
| 020 |
|
|
|c 5.00 USD
|
| 020 |
|
|
|z 9781451826166
|
| 022 |
|
|
|a 1934-7685
|
| 040 |
|
|
|a BD-DhAAL
|c BD-DhAAL
|
| 110 |
2 |
|
|a International Monetary Fund.
|
| 245 |
1 |
0 |
|a Former Yugoslav Republic of Macedonia :
|b Staff Report for the 2009 Article IV Consultation; Staff Report; Staff Statement; Public Information Notice on the Executive Board Discussion; and Statement by the Executive Director for the Former Yugoslav Republic of Macedonia.
|
| 264 |
|
1 |
|a Washington, D.C. :
|b International Monetary Fund,
|c 2010.
|
| 300 |
|
|
|a 1 online resource (63 pages)
|
| 490 |
1 |
|
|a IMF Staff Country Reports
|
| 500 |
|
|
|a <strong>Off-Campus Access:</strong> No User ID or Password Required
|
| 500 |
|
|
|a <strong>On-Campus Access:</strong> No User ID or Password Required
|
| 506 |
|
|
|a Electronic access restricted to authorized BRAC University faculty, staff and students
|
| 520 |
3 |
|
|a This 2009 Article IV Consultation highlights that the Former Yugoslav Republic of Macedonia's vulnerability at the outset of the global crisis was its large current account deficit in the context of the exchange rate peg to the euro. At the same time, it benefited from a small fiscal deficit, modest public debt, and significant international reserve buffers. Executive Directors have praised the Macedonian authorities for the conduct of macroeconomic policies, which contributed to a modest downturn in Macedonia's economy relative to other countries in the region.
|
| 538 |
|
|
|a Mode of access: Internet
|
| 830 |
|
0 |
|a IMF Staff Country Reports; Country Report ;
|v No. 2010/019
|
| 856 |
4 |
0 |
|z Full text available on IMF
|u http://elibrary.imf.org/view/journals/002/2010/019/002.2010.issue-019-en.xml
|z IMF e-Library
|